000 00287nam a22001337a 4500
008 171102b xxu||||| |||| 00| 0 eng d
020 _a2900071285505
041 _aeng
080 _a33
100 _a59
101 _aBUS
245 _aGLOBAL BUSINESS TODAY
_cHILL, M
942 _2udc
_cBK
999 _c37247
_d37247